Statistics for 100 Biggest US Cities in 1860

Click here to take the quiz!

General Stats

  • This quiz has been taken 68 times
  • The average score is 44 of 100

Answer Stats

Population City % Correct
813,669New York
100%
177,840Boston
100%
565,529Philadelphia
97%
112,172Chicago
97%
45,619Detroit
97%
212,418Baltimore
93%
168,675New Orleans
93%
49,221Pittsburgh
92%
16,988Nashville
92%
37,910Richmond
92%
9,554Atlanta
92%
160,773St. Louis
92%
81,129Buffalo
92%
56,802San Francisco
90%
161,044Cincinnati
89%
43,417Cleveland
87%
45,246Milwaukee
87%
61,122Washington
87%
50,666Providence
85%
40,522Charleston
85%
62,367Albany
85%
18,611Indianapolis
85%
22,623Memphis
85%
18,554Columbus
84%
26,341Portland
80%
71,941Newark
80%
15,199Springfield
77%
26,917Hartford
75%
68,033Louisville
74%
48,204Rochester
74%
22,292Savannah
69%
12,493Augusta
67%
28,119Syracuse
66%
29,226Jersey City
64%
13,405Harrisburg
62%
29,258Mobile
61%
13,768Toledo
61%
17,228Trenton
59%
12,106Bridgeport
59%
20,081Dayton
59%
10,401Saint Paul
57%
20,107Manchester
56%
39,267New Haven
56%
24,960Worcester
52%
266,661Brooklyn
51%
14,620Norfolk
49%
21,258Wilmington
46%
22,252Salem
46%
13,785Sacramento
43%
10,896Concord
38%
16,407Bangor
38%
26,060Cambridge
38%
10,508Newport
36%
11,567Elizabeth
34%
14,045Peoria
31%
22,529Utica
26%
12,652Alexandria
26%
14,358Camden
26%
36,827Lowell
23%
11,267Davenport
18%
19,586Paterson
18%
14,726Poughkeepsie
18%
23,162Reading
18%
17,603Lancaster
16%
13,718Quincy
16%
10,065Nashua
15%
14,083Wheeling
15%
10,115New London
13%
10,904Gloucester
13%
11,484Evansville
13%
22,300New Bedford
11%
19,083Lynn
11%
10,004Waterbury
11%
9,579Schenectady
10%
39,235Troy
10%
13,000Dubuque
8%
9,662Hoboken
8%
10,986Auburn
7%
9,769Dorchester
5%
11,256New Brunswick
5%
18,266Petersburg
5%
16,471Covington
5%
16,816Oswego
3%
14,026Fall River
3%
25,137Roxbury
2%
25,065Charlestown
2%
9,995Haverhill
2%
17,639Lawrence
2%
11,818North Providence
2%
12,578Newburgh
2%
10,871Lockport
2%
13,395Chelsea
2%
13,283Smithfield
2%
14,048Norwich
2%
15,376Taunton
0%
13,401Newburyport
0%
12,647New Albany
0%
28,702Allegheny
0%

Score Distribution

Percentile by Number Answered

Percent of People with Each Score

Your Score History

You have not taken this quiz